Statistics for Professional - The Weeknd Lyrics

Click here to take the quiz!

General Stats

  • This quiz has been taken 34 times
  • The average score is 325 of 370

Answer Stats

HintAnswer% Correct
I
100%
in
100%
In
100%
love
100%
love,
100%
professional
100%
the
100%
You
100%
you
100%
a
96%
be
96%
It
96%
it
96%
know
96%
know,
96%
no
96%
No,
96%
So
96%
so
96%
that
96%
to
96%
were
96%
we're
96%
where
96%
your
96%
And
92%
at
92%
But
92%
but
92%
does
92%
for
92%
how
92%
How
92%
is
92%
its
92%
It's
92%
it's
92%
like
92%
loving...
92%
me
92%
mean,
92%
now
92%
Now
92%
Now,
92%
of
92%
real
92%
real,
92%
sophisticated
92%
This
92%
this
92%
What
92%
when
92%
When
92%
world
92%
you're
92%
You're
92%
ain't
88%
All
88%
all
88%
body
88%
don't
88%
every
88%
Every
88%
fall
88%
feel
88%
go
88%
has
88%
ideal,
88%
make
88%
more
88%
nobody
88%
oh
88%
on
88%
somebody
88%
tell
88%
time,
88%
together
88%
town
88%
way
88%
what's
88%
Won't
88%
yourself
88%
again,
83%
ago
83%
already
83%
back
83%
been
83%
bend
83%
choose
83%
concealed
83%
day
83%
decide
83%
dollar
83%
even
83%
everything
83%
got
83%
Got
83%
happiness
83%
heart's
83%
just
83%
made
83%
makes
83%
much
83%
need
83%
put
83%
reveal
83%
stronger
83%
There's
83%
think
83%
through
83%
treat
83%
you've
83%
about
79%
alone
79%
always
79%
around
79%
blame
79%
cause
79%
'Cause
79%
consumes
79%
couple
79%
dispensable
79%
enough
79%
everywhere
79%
learn
79%
losing
79%
mind
79%
numb
79%
personal
79%
quit
79%
someone
79%
those
79%
thought
79%
trippin'
79%
unacceptable
79%
value
79%
yeah
79%
years
79%
depending
75%
else's
75%
girl
75%
Girl,
75%
new
75%
nights
75%
nothing
75%
out
75%
played
75%
really
75%
spend
75%
supposed
75%
wealth
75%
can't
71%
up
71%
dreams
67%
holding
67%
lie
67%
Ooh,
67%
own
67%
smile
67%
soul
67%
teach
67%
teach,
67%
along
63%
did
63%
drain
63%
eyes
63%
from
63%
life
63%
sell
63%
touch
63%
blaming
58%
cage
58%
drums
58%
favorite
58%
freedom
58%
here
58%
song
58%
was
58%
wrong
58%
Had
54%
getting
50%
rich
50%
barely
46%
Because
29%

Score Distribution

Percentile by Number Answered

Percent of People with Each Score

Your Score History

You have not taken this quiz